Tìm hiểu phong cách Nguyễn Du trong truyện Kiều

Uloženo v:
Podrobná bibliografie
Hlavní autor: Phan Ngọc
Médium: Kniha
Vydáno: H. Khoa học xã hội 1985
Témata:
Tagy: Přidat tag
Žádné tagy, Buďte první, kdo otaguje tento záznam!
Thư viện lưu trữ: Trung tâm Học liệu Lê Vũ Hùng, Trường Đại học Đồng Tháp
LEADER 00856pam a22002538a 4500
001 00020988
005 20171026081022.0
008 110521s1985 ||||||Viesd
041 0 # |a Vie 
082 1 4 |a 895.922 109  |b T300H 
100 0 # |a Phan Ngọc 
245 0 0 |a Tìm hiểu phong cách Nguyễn Du trong truyện Kiều  |c Phan Ngọc 
260 # # |a H.  |b Khoa học xã hội  |c 1985 
300 # # |a 327 tr.  |c 19 cm. 
500 # # |a ĐTTS ghi: Ủy ban khoa học xã hội Việt Nam. Viện Đông Nam Á 
653 # # |a Nghiên cứu văn học 
653 # # |a Truyện Kiều 
653 # # |a Sáng tác 
653 # # |a Nguyễn Du 
653 # # |a Phong cách 
852 # # |j KD.0006373  |b Kho đọc 
852 # # |j KD.0006373 
910 |d 21/05/2011 
980 # # |a Trung tâm Học liệu Lê Vũ Hùng, Trường Đại học Đồng Tháp